000
00341nam a2200169Ia 4500
100
_a
Wellenhof/Hofmann B
650
_a
GPS
250
_a
5
942
_c
BK
366
_f
25
245
_a
Global positioning systems GPS
260
_b
Springer
_c
2001
082
_a
384.51
_b
WEL
300
_a
382
546
_a
ENGLISH
_c
TTL
999
_c
30033
_d
30033